[Event "Master Open"]
[Site "Voronezh"]
[Date "2017.06.16"]
[Round "5.17"]
[White "Popov, Mikhail"]
[Black "Bocharov, Dmitry"]
[Result "0-1"]
[WhiteElo "2378"]
[BlackElo "2579"]
[Annotator ""]
[Source ""]
[Remark ""]

1.d4 Nf6 2.Nf3 c5 3.d5 b5 4.Bg5 Ne4 5.Bf4 Bb7 6.Qd3 f5 7.Nc3
c4 8.Qd4 Na6 9.O-O-O Nb4 10.Nxb5 Nxd5 11.Qe5 d6 12.Qxf5 Nef6
13.e3 g6 14.Qh3 Qc8 15.Qxc8+ Rxc8 16.Bg3 Rc5 17.Nbd4 Kd7 18.Ng5
Nc7 19.Nf7 Rg8 20.b4 cxb3 21.Nxb3 Rf5 22.Ne5+ Kc8 23.Nf3 Ne4
24.Bc4 Rg7 25.Nfd4 Rf6 26.f3 Nxg3 27.hxg3 d5 28.Be2 e5 29.Nb5
Nxb5 30.Bxb5 Rb6 31.Bd3 Rc7 32.e4 a5 33.Kd2 dxe4 34.fxe4 a4 35.Nc1
Rb4 36.Rdf1 Be7 37.Kd1 Bxe4 38.Bxe4 Rxe4 39.Rxh7 Rd4+ 40.Ke2
Rxc2+ 41.Kf3 Bc5 42.Rh4 Rc3+ 43.Ke2 e4 0-1

[Event "Master Open"]
[Site "Voronezh"]
[Date "2017.06.16"]
[Round "5.18"]
[White "Ovod, Evgenija"]
[Black "Shaposhnikov, Evgeny"]
[Result "0-1"]
[WhiteElo "2365"]
[BlackElo "2557"]
[Annotator ""]
[Source ""]
[Remark ""]

1.d4 e6 2.Bf4 c5 3.c3 Nf6 4.e3 b6 5.Nd2 Be7 6.h3 Bb7 7.Ngf3 O-O
8.Bd3 d5 9.Ne5 Ne4 10.Qc2 f5 11.O-O Bd6 12.Bxe4 fxe4 13.f3 Ba6
14.Rf2 Rxf4 15.exf4 e3 16.Rff1 Qh4 17.Ne4 Bxe5 18.dxe5 Bxf1 19.Rxf1
Nd7 20.Ng5 Nf8 21.Qd3 h6 22.Qxe3 hxg5 23.fxg5 Qg3 24.Qe1 Qxg5
25.f4 Qf5 26.g4 Qd3 27.Kg2 Rd8 28.Qh4 Rd7 29.f5 Qe4+ 30.Kg1 Qxe5
31.Re1 Qf6 32.g5 Qxf5 33.Rf1 Qg6 34.Qg4 Rf7 0-1

[Event "Master Open"]
[Site "Voronezh"]
[Date "2017.06.16"]
[Round "5.19"]
[White "Murtazin, Ruslan"]
[Black "Zontakh, Andrey"]
[Result "0-1"]
[WhiteElo "2359"]
[BlackElo "2528"]
[Annotator ""]
[Source ""]
[Remark ""]

1.e4 c6 2.d4 d5 3.e5 Bf5 4.h4 h5 5.c4 e6 6.Nc3 Nd7 7.Nf3 Ne7
8.Bg5 f6 9.exf6 gxf6 10.Bf4 dxc4 11.Bxc4 Nb6 12.Bd3 Ned5 13.Bg3
Bd6 14.Bxd6 Qxd6 15.Bxf5 exf5 16.Qe2+ Kd7 17.O-O-O Rae8 18.Qd3
Nxc3 19.bxc3 Qa3+ 20.Kb1 Na4 21.Qxf5+ Kc7 22.Rd2 Nxc3+ 23.Ka1
Nd5 24.Rc2 Qd6 25.Rb1 Re7 26.Rcb2 Kb8 27.Rb3 Nb6 28.Qc5 Rd7 29.Re1
Qxc5 30.dxc5 Na4 31.Rbe3 Nxc5 32.g3 Rhd8 33.Re7 Rxe7 34.Rxe7
Rd3 35.Re3 Rxe3 36.fxe3 Ne4 0-1

[Event "Master Open"]
[Site "Voronezh"]
[Date "2017.06.16"]
[Round "5.20"]
[White "Moiseenko, Vadim"]
[Black "Strelnikov, Sergey"]
[Result "1-0"]
[WhiteElo "2528"]
[BlackElo "2357"]
[Annotator ""]
[Source ""]
[Remark ""]

1.Nf3 c5 2.e4 e6 3.d4 cxd4 4.c3 Nf6 5.e5 Nd5 6.cxd4 d6 7.a3 Bd7
8.Bd3 Bc6 9.O-O Nd7 10.Re1 Be7 11.b4 a6 12.g3 Rc8 13.Qe2 O-O
14.Nbd2 Bb5 15.Ne4 Bxd3 16.Qxd3 dxe5 17.dxe5 h6 18.Bb2 Qc7 19.Rac1
Qb8 20.Rcd1 Rfd8 21.Bd4 Qc7 22.Qb1 Qc2 23.Qa1 Qb3 24.Nfd2 Qa4
25.Nd6 Bxd6 26.exd6 N7f6 27.Ne4 Nxe4 28.Rxe4 Rc4 29.Ree1 Rxd4
30.Rxd4 Rxd6 31.Rg4 g6 32.Rc4 Rd8 33.Rec1 Qd7 34.Qe5 Kh7 35.h3
Qe8 36.Kh2 Qa4 37.Rc8 Qe8 38.Qb8 Rxc8 39.Rxc8 Qb5 40.Rh8+ Kg7
41.Qf8+ Kf6 42.Rh7 Qf1 43.Rxf7+ Ke5 44.Qxh6 Kd4 45.Qe3+ Kc4 46.Qxe6 1-0

[Event "Master Open"]
[Site "Voronezh"]
[Date "2017.06.16"]
[Round "5.21"]
[White "Raja, Harshit"]
[Black "Yudin, Sergei"]
[Result "0-1"]
[WhiteElo "2350"]
[BlackElo "2522"]
[Annotator ""]
[Source ""]
[Remark ""]

1.e4 d6 2.d4 Nf6 3.Nc3 g6 4.Be3 Bg7 5.Qd2 c6 6.f3 b5 7.g4 Qa5
8.g5 Nfd7 9.h4 b4 10.Nce2 c5 11.h5 Nc6 12.f4 cxd4 13.Nxd4 Bb7
14.Bc4 Nc5 15.Nb3 Qc7 16.Nxc5 dxc5 17.hxg6 hxg6 18.Rxh8+ Bxh8
19.Qd5 Nd8 20.Bb5+ Kf8 21.Qxc5 Qxc5 22.Bxc5 Bxb2 23.Rd1 Bc3+
24.Kf1 a6 25.Bd3 Ne6 26.Be3 Bd4 27.Bd2 a5 28.Ne2 Ba7 29.a3 bxa3
30.Ra1 Bc5 31.Bc1 Bd6 32.e5 Bc5 33.Bc4 Ba6 34.Bxe6 fxe6 35.Bxa3
Rc8 36.Bxc5 Rxc5 37.c3 Rxc3 38.Rxa5 Bc4 39.Ra8+ Kf7 40.Ra2 Rc1+
41.Kg2 Bxa2 42.Nxc1 0-1

[Event "Master Open"]
[Site "Voronezh"]
[Date "2017.06.16"]
[Round "5.22"]
[White "Khegay, Dmitriy"]
[Black "Provotorov, Ivan"]
[Result "1-0"]
[WhiteElo "2482"]
[BlackElo "2368"]
[Annotator ""]
[Source ""]
[Remark ""]

1.e4 e6 2.d4 d5 3.Nd2 Be7 4.e5 c5 5.c3 Nc6 6.Ndf3 cxd4 7.cxd4
Bb4+ 8.Bd2 Qb6 9.Bc3 Bd7 10.Qd2 Rc8 11.Bd3 Nh6 12.Ne2 Nf5 13.O-O
h5 14.a3 Bxc3 15.bxc3 Na5 16.Rfb1 Qc6 17.Qg5 Kf8 18.Nf4 Rh6 19.Bxf5
exf5 20.Nh4 Re8 21.Nxf5 Bxf5 22.Qxf5 Qxc3 23.e6 Rf6 24.Qxd5 fxe6
25.Qd6+ Kg8 26.Nxh5 Rf7 27.Qb4 Rc8 28.Ng3 Rd7 29.h3 Qxb4 30.axb4
Nc6 31.b5 Nxd4 32.Rxa7 Rc5 33.b6 Nc6 34.Ra2 Rcd5 35.Kh2 Rd4 36.f3
Rb4 37.Rxb4 Nxb4 38.Rb2 Nc6 39.Ne4 Rd5 40.h4 Kf7 41.g4 Ke7 42.Kg3
Ne5 43.Rc2 Nc6 44.Nc5 Nd8 45.h5 Rd6 46.Rb2 Rc6 47.Ne4 Nf7 48.Rb5
Nd6 49.Nxd6 Rxd6 50.g5 Rc6 51.Rb1 Rc5 52.f4 Rc6 53.Kg4 Rc4 54.Rd1
e5 55.Kf5 Rxf4+ 56.Kg6 Rg4 57.Rc1 e4 58.Rc7+ Ke6 59.Rxb7 e3 60.Ra7
Ke5 61.Ra5+ Ke4 62.b7 1-0

[Event "Master Open"]
[Site "Voronezh"]
[Date "2017.06.16"]
[Round "5.23"]
[White "Sobina, Pavel"]
[Black "Grishchenko, Sergey"]
[Result "0-1"]
[WhiteElo "2250"]
[BlackElo "2447"]
[Annotator ""]
[Source ""]
[Remark ""]

1.d4 d5 2.c4 dxc4 3.e3 Nf6 4.Nf3 e6 5.Bxc4 a6 6.a4 c5 7.O-O Nc6
8.dxc5 Qc7 9.b3 Bxc5 10.Bb2 O-O 11.Nc3 Na5 12.Qc2 Nxc4 13.bxc4
Bd7 14.Ne4 Nxe4 15.Qxe4 f6 16.Rfd1 Rad8 17.Rd2 e5 18.Bc3 Bc6
19.Qf5 Qf7 20.Rxd8 Rxd8 21.Nd2 Qd7 22.Qxd7 Rxd7 23.Nf3 Rd3 24.Be1
e4 25.Nh4 Bd7 26.g3 g5 27.Ng2 Bg4 28.a5 Kf7 29.h4 h6 30.hxg5
hxg5 31.Rb1 Rd7 32.Bb4 Bxb4 33.Rxb4 Rd1+ 34.Kh2 Bc8 35.c5 Rf1
36.Rxe4 Rxf2 37.Kg1 Re2 38.Kf1 Rc2 39.Ne1 Rxc5 40.Ra4 Bd7 41.Ra3
Bc6 42.Ke2 Ke6 43.Kd2 Be4 44.Ra4 Rd5+ 45.Ke2 f5 46.g4 Rb5 47.Nf3
Rb2+ 48.Nd2 Bc6 49.gxf5+ Kxf5 50.Ra3 g4 51.Kd3 g3 52.Ra1 g2 53.e4+
Kf4 54.Kc3 Ra2 55.Rxa2 g1Q 56.Kb2 Qd4+ 57.Kb3 Qd3+ 0-1

[Event "Master Open"]
[Site "Voronezh"]
[Date "2017.06.16"]
[Round "5.24"]
[White "Vaishali, R"]
[Black "Khanin, Semen"]
[Result "0-1"]
[WhiteElo "2312"]
[BlackElo "2436"]
[Annotator ""]
[Source ""]
[Remark ""]

1.Nf3 Nf6 2.g3 g6 3.b3 d5 4.Bb2 c5 5.Bg2 Bg7 6.O-O O-O 7.c4 d4
8.b4 Re8 9.d3 e5 10.Nbd2 cxb4 11.a3 bxa3 12.Bxa3 h6 13.Rb1 Nc6
14.Nb3 e4 15.Ne1 b6 16.dxe4 Nxe4 17.Qc2 Qc7 18.Nd3 Nc3 19.Rbe1
Bf5 20.Qd2 Rad8 21.Bb2 Ne5 22.Nxe5 Qxe5 23.Kh1 a5 24.Nc1 Qc5 0-1

[Event "Master Open"]
[Site "Voronezh"]
[Date "2017.06.16"]
[Round "5.25"]
[White "Korchmar, Vasiliy"]
[Black "Gunchenko, Vadim"]
[Result "0-1"]
[WhiteElo "2422"]
[BlackElo "2199"]
[Annotator ""]
[Source ""]
[Remark ""]

1.d4 d5 2.Nf3 Nf6 3.Bf4 c5 4.e3 Nc6 5.Nbd2 cxd4 6.exd4 Bf5 7.c3
e6 8.Qb3 Qc8 9.Nh4 Be4 10.f3 Bg6 11.g4 Be7 12.Bg3 Bd8 13.Be2
Bc7 14.Kf1 O-O 15.Kg2 e5 16.Nxg6 hxg6 17.dxe5 Nxe5 18.Rad1 g5
19.h4 gxh4 20.Bxh4 Ng6 21.Bxf6 Qe6 22.Kf1 Nf4 23.Re1 Qxf6 24.Qxb7
Bb6 25.Bb5 a6 26.Bd7 Rab8 27.Qc6 Qg5 28.Nb3 g6 29.Qd6 Kg7 30.Be8
Rfxe8 31.Rxe8 Rxe8 32.Qxb6 Qe7 33.Qd4+ f6 34.Qf2 Qe2+ 35.Qxe2
Rxe2 36.g5 fxg5 37.Rg1 Rxb2 38.Rg4 Rxa2 39.Rxg5 Ra3 40.Rg4 Rxb3
41.Rxf4 Rxc3 42.Ke2 Rc4 0-1

[Event "Master Open"]
[Site "Voronezh"]
[Date "2017.06.16"]
[Round "5.26"]
[White "Elistratov, Semen"]
[Black "Varshini, V"]
[Result "1-0"]
[WhiteElo "2403"]
[BlackElo "2050"]
[Annotator ""]
[Source ""]
[Remark ""]

1.e4 c5 2.Nf3 d6 3.d4 cxd4 4.Nxd4 Nf6 5.Nc3 a6 6.h3 e6 7.g4 d5
8.Nde2 Nxe4 9.Nxe4 dxe4 10.Qxd8+ Kxd8 11.Be3 Bb4+ 12.c3 Bd6 13.O-O-O
Ke7 14.Bg2 Bd7 15.Rd2 Bc6 16.Rhd1 Bc7 17.Ng3 Bxg3 18.Bc5+ Kf6
19.fxg3 e3 20.Bxe3 Bxg2 21.Rxg2 b5 22.Rgd2 Nc6 23.h4 h5 24.Rd7
Kg6 25.Rc7 Ne5 26.gxh5+ Rxh5 27.Bf4 Rf5 28.b3 Ng4 29.Rd6 Nf6
30.Rcc6 Nh5 31.Rxa6 Rh8 32.Rd4 Nxf4 33.Rxf4 Rxf4 34.gxf4 Rxh4
35.Ra5 Rxf4 36.Rxb5 Kf6 37.a4 g5 38.Rb8 Rf2 39.Rg8 e5 40.b4 e4
41.b5 e3 42.Re8 e2 43.b6 Rf1+ 44.Kd2 Rb1 45.a5 g4 46.Kxe2 Rb2+
47.Kf1 g3 48.a6 1-0

[Event "Master Open"]
[Site "Voronezh"]
[Date "2017.06.16"]
[Round "5.27"]
[White "Maltsevskaya, Aleksandra"]
[Black "Peskov, Alexsey"]
[Result "1-0"]
[WhiteElo "2203"]
[BlackElo "2394"]
[Annotator ""]
[Source ""]
[Remark ""]

1.e4 c5 2.Nf3 d6 3.d4 cxd4 4.Nxd4 Nf6 5.Nc3 a6 6.h3 e5 7.Nde2
Be7 8.g4 h6 9.Bg2 Nbd7 10.a4 b6 11.Be3 Bb7 12.Ng3 Qc7 13.Qd2
Nc5 14.O-O Ne6 15.Nd5 Nxd5 16.exd5 Nf4 17.Bxf4 exf4 18.Nf5 Bf6
19.Rfe1+ Kf8 20.Qxf4 Rd8 21.c3 Bc8 22.Nd4 Bd7 23.Ne6+ Bxe6 24.dxe6
Be5 25.Qxf7+ Qxf7 26.exf7 Kxf7 27.Bd5+ Kf6 28.a5 Rb8 29.f4 Bxf4
30.Ra4 Be5 31.Rf1+ Ke7 32.Rf7+ Ke8 33.axb6 Rxb6 34.Rc4 Rb8 35.Rcc7
a5 36.Bc6+ Kd8 37.Rcd7+ Kc8 38.Bb7+ Rxb7 39.Rxb7 h5 40.Rfc7+
Kd8 1-0

[Event "Master Open"]
[Site "Voronezh"]
[Date "2017.06.16"]
[Round "5.28"]
[White "Ageichenko, Genadi A"]
[Black "Kokarev, Dmitry"]
[Result "1/2-1/2"]
[WhiteElo "2279"]
[BlackElo "2640"]
[Annotator ""]
[Source ""]
[Remark ""]

1.e4 c5 2.Nf3 d6 3.d4 cxd4 4.Nxd4 Nf6 5.Nc3 a6 6.Be3 e5 7.Nf3
Be7 8.Bc4 O-O 9.O-O Nc6 10.Qe2 Na5 11.Bb3 h6 12.Rfd1 Nxb3 13.cxb3
Bd7 14.Ne1 b5 15.Nc2 a5 16.b4 Qb8 17.f3 Rc8 18.a3 a4 19.Bf2 Nh5
20.Nd5 Bd8 21.Nce3 Ra6 22.g4 Nf6 23.Nc3 Nh7 24.h4 Nf8 25.Ncd5
Rac6 26.Rd2 Rc1+ 27.Rxc1 Rxc1+ 28.Rd1 Rxd1+ 29.Qxd1 Ng6 30.h5
Ne7 31.Nxe7+ Bxe7 32.Nd5 Bd8 33.Qd3 Qb7 34.Nc3 Qc6 35.Be3 Kh7
36.Kg2 Bh4 37.Bd2 Be7 38.Be3 Qb7 39.Kg3 Bc6 40.Kg2 Kg8 41.Qd1
Qd7 42.b3 axb3 43.Qxb3 Bh4 44.Kf1 Kh7 45.Ke2 g6 46.hxg6+ fxg6
47.Qd1 Bd8 48.Qh1 Qg7 49.Qd1 Qe7 50.a4 bxa4 51.b5 Bb7 52.Qxa4
h5 53.Nd5 Qd7 54.g5 Kg7 55.Nb6 Bxb6 56.Bxb6 d5 57.Be3 dxe4 58.fxe4
h4 59.Qb4 h3 60.Qc5 Kg8 61.Qxe5 Qg4+ 62.Ke1 1/2-1/2

[Event "Master Open"]
[Site "Voronezh"]
[Date "2017.06.16"]
[Round "5.29"]
[White "Harutjunyan, Gevorg"]
[Black "Tsoi, Dmitry"]
[Result "1/2-1/2"]
[WhiteElo "2472"]
[BlackElo "2326"]
[Annotator ""]
[Source ""]
[Remark ""]

1.e4 c5 2.Nf3 d6 3.d4 Nf6 4.Nc3 cxd4 5.Nxd4 a6 6.h4 b5 7.a4 b4
8.Nd5 Bb7 9.Nxf6+ gxf6 10.Bc4 h5 11.Bd5 Qc8 12.a5 e6 13.Bxb7
Qxb7 14.Qe2 Nc6 15.Be3 Bh6 16.Nb3 Bxe3 17.Qxe3 Qb5 18.Rh3 Rg8
19.Rg3 Rxg3 20.Qxg3 Ke7 21.O-O-O Rd8 22.f4 Nxa5 23.Nd4 Qb7 24.e5
Qe4 25.exf6+ Kd7 26.Kb1 Rc8 27.Qf3 Qxf3 28.Nxf3 Nc4 29.Rd4 d5
30.Ng5 a5 31.Nxf7 Rf8 32.Ne5+ Kd6 33.Nxc4+ Kc5 34.c3 bxc3 35.bxc3
dxc4 36.Re4 Rxf6 37.Re5+ Kd6 38.Rxa5 Rxf4 39.Rxh5 Rg4 40.Kb2
Rxg2+ 41.Ka3 e5 42.Rh8 Kd5 43.Rd8+ Ke4 44.Kb4 Rh2 45.Kxc4 Rxh4 1/2-1/2

[Event "Master Open"]
[Site "Voronezh"]
[Date "2017.06.16"]
[Round "5.30"]
[White "Yeletsky, Ivan"]
[Black "Arjun, Kalyan"]
[Result "1-0"]
[WhiteElo "2415"]
[BlackElo "2322"]
[Annotator ""]
[Source ""]
[Remark ""]

1.e4 e6 2.d4 d5 3.Nc3 Bb4 4.e5 c5 5.a3 Ba5 6.b4 cxd4 7.Qg4 Kf8
8.Nb5 Bb6 9.Nf3 Nc6 10.Bb2 f6 11.Nbxd4 Nxe5 12.Nxe5 fxe5 13.Nxe6+
Bxe6 14.Qxe6 Qf6 15.Qxf6+ gxf6 16.c4 Kg7 17.h4 Ne7 18.Rh3 Rac8
19.c5 Bc7 20.Bb5 Rhd8 21.Rc1 b6 22.Ba6 Rb8 23.c6 Rd6 24.a4 d4
25.Rg3+ Kh8 26.Ba3 Rxc6 27.Rxc6 Nxc6 28.b5 Na5 29.Be7 Bd8 30.Bd6
Ra8 31.h5 h6 32.Rg6 Kh7 33.Bf8 Bc7 34.Rxf6 e4 35.Bb4 Rg8 36.Bd2
Rxg2 37.Kf1 Rg7 38.Rxh6+ Kg8 39.Bc8 Re7 40.Be6+ Kg7 41.Rg6+ Kh7
42.Bg8+ Kh8 43.Bg5 1-0

[Event "Master Open"]
[Site "Voronezh"]
[Date "2017.06.16"]
[Round "5.31"]
[White "Gukesh, D"]
[Black "Domogaev, Sergey"]
[Result "1-0"]
[WhiteElo "2332"]
[BlackElo "2411"]
[Annotator ""]
[Source ""]
[Remark ""]

1.Nf3 g6 2.g3 Bg7 3.d4 c5 4.e4 cxd4 5.Nxd4 Nc6 6.Ne2 Nf6 7.Bg2
O-O 8.Nbc3 d6 9.O-O Bd7 10.h3 Rb8 11.a4 a6 12.Nd5 Nxd5 13.exd5
Ne5 14.Ra2 Bc8 15.Be3 Qa5 16.b3 Nd7 17.Bd4 Bxd4 18.Nxd4 Qc3 19.Re1
Re8 20.Re3 Qc5 21.c4 Nf6 22.Rae2 Kf8 23.Qa1 Qc7 24.g4 h6 25.f4
Kg8 26.Bf3 Qd8 27.Rg2 Bd7 28.h4 e5 29.dxe6 Bxe6 30.Nxe6 Rxe6
31.Rxe6 fxe6 32.Re2 Kf7 33.g5 hxg5 34.hxg5 Nd7 35.Bg4 Qb6+ 36.Kf1
Re8 37.Rh2 Ke7 38.Qc3 Rf8 39.Rh7+ Rf7 40.Qh8 Qe3 41.Rxf7+ Kxf7
42.Qh7+ Kf8 43.Qxd7 Qxf4+ 44.Ke1 Qg3+ 45.Kd2 Qxg4 46.Qxd6+ Ke8
47.Qb8+ Ke7 48.Qxb7+ Ke8 49.Qxa6 Qxg5+ 50.Kc3 Qe5+ 51.Kb4 Qe1+
52.Kb5 g5 53.Qc6+ Kf7 54.a5 g4 55.a6 Qe5+ 56.c5 Qe2+ 57.Kb6 Qf3
58.a7 Qxb3+ 59.Kc7 Qg3+ 60.Kc8 1-0

[Event "Master Open"]
[Site "Voronezh"]
[Date "2017.06.16"]
[Round "5.32"]
[White "Ovchinnikov, Vsevolod"]
[Black "Sadovsky, Artem"]
[Result "1-0"]
[WhiteElo "2325"]
[BlackElo "2407"]
[Annotator ""]
[Source ""]
[Remark ""]

1.d4 d5 2.c4 c6 3.Nf3 Nf6 4.Nc3 a6 5.e3 g6 6.h3 Bg7 7.Bd3 dxc4
8.Bxc4 b5 9.Bb3 O-O 10.O-O Bb7 11.e4 b4 12.Na4 Nxe4 13.Qe1 c5
14.dxc5 a5 15.Ng5 Qd3 16.Nxe4 Bxe4 17.Bg5 Bc6 18.Qxe7 Qf5 19.Be3
Bf6 20.Qd6 Qe4 21.Qg3 Nd7 22.Qg4 Qxg4 23.hxg4 Rac8 24.Rac1 Ne5
25.g5 Bg7 26.Rfd1 Bb5 27.Nb6 Rcd8 28.Ba4 Bxa4 29.Nxa4 Ng4 30.Rxd8
Rxd8 31.Bf4 Ne5 32.c6 Rc8 33.c7 Nd3 34.Rd1 Nxf4 35.Rd8+ Bf8 36.Rxc8
Ne6 37.Rxf8+ 1-0

[Event "Master Open"]
[Site "Voronezh"]
[Date "2017.06.16"]
[Round "5.33"]
[White "Shagbazyan, Taron"]
[Black "Obolentseva, Alexandra"]
[Result "1/2-1/2"]
[WhiteElo "2406"]
[BlackElo "2283"]
[Annotator ""]
[Source ""]
[Remark ""]

1.d4 Nf6 2.c4 g6 3.Nc3 Bg7 4.g3 d6 5.Bg2 O-O 6.e3 e5 7.Nge2 c6
8.O-O Qc7 9.b3 Nbd7 10.Bb2 Rd8 11.d5 a6 12.Qd2 c5 13.a4 Re8 14.e4
Nf8 15.h3 Re7 16.f4 exf4 17.gxf4 Ne8 18.e5 dxe5 19.d6 Qxd6 20.Nd5
Re6 21.fxe5 Bxe5 22.Nef4 Bxb2 23.Qxb2 Re5 24.Rad1 Bf5 25.Ne3
Qf6 26.Nfd5 Qg7 27.Nxf5 gxf5 28.Qf2 Nf6 29.Qxc5 Nxd5 30.Rxd5
Re2 31.Rf2 b6 32.Qd4 Qxd4 33.Rxd4 Rxf2 34.Kxf2 Ne6 35.Rd5 Rd8
36.Rxd8+ Nxd8 37.b4 a5 38.c5 axb4 39.cxb6 b3 40.Bd5 b2 41.Ba2
Nb7 42.Bb1 Kf8 43.Bxf5 h6 44.Ke2 1/2-1/2

[Event "Master Open"]
[Site "Voronezh"]
[Date "2017.06.16"]
[Round "5.34"]
[White "Grachev, Andrey"]
[Black "Karpenko, Artem"]
[Result "1-0"]
[WhiteElo "2268"]
[BlackElo "2404"]
[Annotator ""]
[Source ""]
[Remark ""]

1.e4 c6 2.d4 d5 3.e5 Bf5 4.Nf3 e6 5.Be2 Nd7 6.O-O Bg6 7.Nbd2
Nh6 8.Nb3 Nf5 9.a4 Be7 10.a5 a6 11.Bd2 Qc7 12.Rc1 Rc8 13.c4 dxc4
14.Bxc4 Bh5 15.h3 Nh4 16.g4 Nxf3+ 17.Qxf3 Bg6 18.Qg2 h5 19.f4
hxg4 20.hxg4 Nf8 21.f5 Bh7 22.d5 exd5 23.Bxd5 Qb8 24.Bc4 Bg8
25.Rfe1 Nd7 26.f6 Bf8 27.Bf4 Qa7+ 28.Kf1 b5 29.Bd5 c5 30.Rcd1
Qc7 31.Bg3 Qa7 32.Bc6 Rd8 33.Rxd7 Rxd7 34.Rd1 1-0

[Event "Master Open"]
[Site "Voronezh"]
[Date "2017.06.16"]
[Round "5.35"]
[White "Rodin, Dmitrij"]
[Black "Gasanov, Zaur"]
[Result "1-0"]
[WhiteElo "2391"]
[BlackElo "2264"]
[Annotator ""]
[Source ""]
[Remark ""]

1.e4 c6 2.d4 d5 3.e5 Bf5 4.Nf3 e6 5.Be2 Nd7 6.O-O Bg6 7.Nbd2
Nh6 8.Nb3 Be7 9.Bd2 O-O 10.c4 dxc4 11.Na5 Rb8 12.Nxc4 Nf5 13.Rc1
c5 14.dxc5 Nxc5 15.Bb4 Ne4 16.Qb3 Bxb4 17.Qxb4 Qe7 18.Qxe7 Nxe7
19.Rfd1 Nd5 20.Nh4 Nf4 21.Bf1 Rfd8 22.g3 Nd5 23.Nxg6 hxg6 24.Bg2
Nc5 25.Nd6 Nd7 26.Bxd5 exd5 27.f4 f6 28.Rxd5 fxe5 29.Nb5 Nb6
30.Rxd8+ Rxd8 31.fxe5 Rd5 32.Nxa7 Rxe5 33.Rc7 Ra5 34.Rxb7 Rxa2
35.Rxb6 Rxa7 36.Kf2 Rc7 37.Kf3 Rc2 38.h4 Kh7 39.Rb8 Rd2 40.b4
Rd3+ 41.Kf4 Rd4+ 42.Ke3 Rg4 43.Kf3 Rc4 44.b5 Rc3+ 45.Kf4 Rc4+
46.Ke5 Rg4 47.Kd5 Rxg3 48.Re8 g5 49.hxg5 Rxg5+ 50.Re5 Rg1 51.b6
Rb1 52.Kc6 Kh6 53.b7 Rxb7 54.Kxb7 g5 55.Kc6 g4 56.Kd5 g3 57.Re3
g2 58.Rg3 1-0

[Event "Master Open"]
[Site "Voronezh"]
[Date "2017.06.16"]
[Round "5.36"]
[White "Klimentov, Evgeny"]
[Black "Tunik, Gennady"]
[Result "0-1"]
[WhiteElo "2259"]
[BlackElo "2384"]
[Annotator ""]
[Source ""]
[Remark ""]

1.e4 c5 2.Nf3 e6 3.d4 cxd4 4.Nxd4 a6 5.Bd3 Bc5 6.Nb3 Be7 7.Nc3
d6 8.f4 Nc6 9.O-O Nf6 10.Qe2 Qc7 11.Bd2 O-O 12.Rae1 Nd7 13.Kh1
Bh4 14.Rd1 Bf6 15.e5 dxe5 16.f5 Nd4 17.Nxd4 exd4 18.fxe6 dxc3
19.exd7 Bxd7 20.Qe4 g6 21.Rxf6 cxd2 22.Rxd2 Rae8 23.Qd4 Bf5 24.Rd1
Rd8 25.Qb6 Qe7 26.Rxf5 gxf5 27.Rf1 Rd5 28.h3 Rfd8 29.Qh6 R8d6
30.Qh5 h6 31.Rxf5 Rxf5 32.Qxf5 Qe6 33.Qh7+ Kf8 34.Qh8+ Ke7 35.b3
b5 36.Qc3 Qf6 37.Qc7+ Kf8 38.Qc8+ Rd8 39.Qg4 Re8 40.Qb4+ Qe7
41.Qg4 Qe1+ 42.Kh2 Qe5+ 43.Kh1 h5 44.Qb4+ Kg7 45.a4 Qe1+ 46.Qxe1
Rxe1+ 47.Kh2 bxa4 48.bxa4 a5 49.Kg3 Kf6 50.Kf4 Ra1 51.Bb5 Ra2
52.g4 hxg4 53.hxg4 Rxc2 54.g5+ Ke6 55.Bd3 Rb2 56.Bc4+ Ke7 57.Ke5
Rg2 58.Kf5 Rc2 59.Bd5 Rc1 60.Ke5 Kf8 61.Kf6 Rf1+ 62.Ke5 Kg7 63.Be4
Rc1 64.Bd3 Rc5+ 65.Kf4 Rd5 66.Bc2 Rd2 67.Bb3 Kg6 68.Ke3 Rg2 69.Kf4
Rb2 70.Bd1 Rb4+ 0-1

[Event "Master Open"]
[Site "Voronezh"]
[Date "2017.06.16"]
[Round "5.37"]
[White "Nesterov, Arseniy"]
[Black "Schepetkova, Margarita"]
[Result "1-0"]
[WhiteElo "2382"]
[BlackElo "2252"]
[Annotator ""]
[Source ""]
[Remark ""]

1.d4 d5 2.c4 c6 3.Nf3 Nf6 4.Nc3 a6 5.e3 e6 6.b3 Bb4 7.Bd2 Nbd7
8.Bd3 O-O 9.O-O Bd6 10.e4 dxc4 11.bxc4 e5 12.d5 Nc5 13.Bc2 cxd5
14.cxd5 Bd7 15.Rb1 b5 16.Re1 h6 17.h3 Qe7 18.Re3 Rfc8 19.Ne2
Na4 20.Bxa4 bxa4 21.Ng3 Rc4 22.Rc1 Rxc1 23.Qxc1 Rb8 24.Nh4 g6
25.Rd3 Bb5 26.Rf3 Nh7 27.Nhf5 gxf5 28.Nxf5 Qc7 29.Nxh6+ Kh8 30.Nxf7+
Kg8 31.Qd1 Rf8 32.Rg3+ Kxf7 33.Qh5+ Ke7 34.Rg7+ Kd8 35.Rxc7 Nf6
36.Qf5 Kxc7 37.Bh6 Bd7 38.Qf3 Rf7 39.Bg5 Be7 40.Qc3+ Kd8 41.Qxe5
Ne8 42.Qb8+ Bc8 43.Qb6+ Nc7 44.Bxe7+ 1-0

[Event "Master Open"]
[Site "Voronezh"]
[Date "2017.06.16"]
[Round "5.38"]
[White "Chekletsov, Ilya"]
[Black "Avalyan, Artur"]
[Result "1-0"]
[WhiteElo "2378"]
[BlackElo "2249"]
[Annotator ""]
[Source ""]
[Remark ""]

1.d4 Nf6 2.c4 e6 3.g3 c5 4.d5 exd5 5.cxd5 d6 6.Nc3 g6 7.Bg2 Bg7
8.Nf3 O-O 9.O-O Re8 10.a4 Nh5 11.e4 Nd7 12.Bg5 f6 13.Be3 Ne5
14.Nxe5 fxe5 15.Qd2 Bd7 16.Rfd1 Qc7 17.b4 b6 18.bxc5 bxc5 19.Nb5
Bxb5 20.axb5 Rab8 21.Ra6 Rb7 22.Rc6 Qd7 23.f3 Reb8 24.Bf1 Bf6
25.Bc4 Kg7 26.Ra1 Bd8 27.Qc3 Nf6 28.Rf1 Rb6 29.Bd2 Qe7 30.Qe3
R6b7 31.Qh6+ Kh8 32.Bg5 Rd7 33.Qh3 Qg7 34.Qe6 h6 35.Bxf6 Bxf6
36.Rxd6 Rxd6 37.Qxd6 Rc8 38.Kg2 g5 39.Qe6 Rf8 40.d6 h5 41.d7
Qe7 42.Qxe7 Bxe7 43.Ra1 1-0

[Event "Master Open"]
[Site "Voronezh"]
[Date "2017.06.16"]
[Round "5.39"]
[White "Panchenko, Dmitry"]
[Black "Kryukov, Denis V"]
[Result "0-1"]
[WhiteElo "2371"]
[BlackElo "2241"]
[Annotator ""]
[Source ""]
[Remark ""]

1.d4 Nf6 2.Nf3 c5 3.e3 e6 4.Bd3 b6 5.c3 Ba6 6.Bxa6 Nxa6 7.e4
cxd4 8.e5 Nd5 9.c4 Bb4+ 10.Kf1 Ndc7 11.Qxd4 O-O 12.Nc3 Bxc3 13.Qxc3
d5 14.exd6 Qxd6 15.Be3 f6 16.Ke2 e5 17.Rhd1 Qe7 18.a3 Nc5 19.b4
N5e6 20.Qc2 f5 21.Kf1 e4 22.Ng1 f4 23.Bd4 f3 24.Qxe4 Rf4 25.Qe5
fxg2+ 26.Kxg2 Raf8 27.Kh1 Qe8 28.Be3 Qa8+ 29.f3 Rxf3 30.Nxf3
Qxf3+ 31.Kg1 Rf6 32.Bg5 Rf5 33.Qe3 Rxg5+ 34.Qxg5 Nxg5 35.Rd8+
Ne8 0-1

[Event "Master Open"]
[Site "Voronezh"]
[Date "2017.06.16"]
[Round "5.40"]
[White "Pogorelskikh, Sergey"]
[Black "Salemgareev, Tagir"]
[Result "1/2-1/2"]
[WhiteElo "2233"]
[BlackElo "2360"]
[Annotator ""]
[Source ""]
[Remark ""]

1.e4 c5 2.Nf3 d6 3.d4 cxd4 4.Nxd4 Nf6 5.Nc3 a6 6.Nb3 Nbd7 7.g4
h6 8.h3 g5 9.Bg2 Bg7 10.f4 gxf4 11.Bxf4 Ne5 12.Qe2 Qc7 13.Bxe5
dxe5 14.O-O-O e6 15.h4 Bd7 16.g5 Nh7 17.Qe3 hxg5 18.hxg5 O-O-O
19.Nc5 Kb8 20.Rh5 Bc8 21.Rdh1 Nxg5 22.Rxh8 Rxh8 23.Rxh8 Bxh8
24.Nxa6+ bxa6 25.Qxg5 f6 26.Qg8 Bg7 27.Bh3 Bh6+ 28.Kb1 Qc4 29.Qd8
Bg5 30.Qb6+ Ka8 31.a3 Bh4 32.Qd8 Kb7 33.Qe7+ Qc7 34.Qb4+ Qb6
35.Qe7+ Qc7 36.Qb4+ Ka7 37.Qa4 Bd7 38.Qb4 Bc8 39.Qa4 Qd7 40.Qa5
Qc6 41.Qd8 Kb8 42.Qh8 Bg5 43.Qd8 Qc7 44.Qf8 Qc6 45.Qb4+ Kc7 46.Qe7+
Bd7 47.Bf1 Qb6 48.Bc4 Qc6 49.Bb3 Qd6 50.Qg7 Kd8 51.Qg8+ Ke7 52.Qg7+
Ke8 53.Qg8+ Ke7 54.Ka2 Be8 55.Qg7+ Kd8 56.Qb7 Bd2 57.Bc4 Qc6
58.Qb8+ Ke7 59.Qa7+ Bd7 60.Qxa6 Bxc3 61.bxc3 Qxe4 62.Bb3 f5 63.a4
f4 64.a5 f3 65.Qb6 Qc6 66.Qb4+ Kf7 67.Qg4 e4 68.Kb2 Ke7 69.Qg5+
Kd6 70.Qf4+ Ke7 71.Qg5+ Kf7 72.Qf5+ Ke8 73.Qf6 Qb7 74.Kc1 Qc6
75.Qh8+ Kf7 76.Qh7+ Kf6 77.a6 f2 78.Qh4+ Kg6 79.Qg3+ Kh6 80.Qxf2
Qxc3 81.Qh4+ Kg6 82.Qxe4+ Kf6 83.Qh4+ Kf7 84.Qf2+ Ke7 85.Kb1
Qa5 86.a7 Bc6 87.Qe3 e5 88.Qg5+ Kd6 89.Qf6+ Kc7 90.Qe7+ Bd7 91.a8N+
Qxa8 92.Qxe5+ Kb6 93.Bd5 Qf8 94.Qb2+ Kc7 95.Qb7+ Kd8 96.Qb8+
Ke7 97.Qe5+ Kd8 98.Qb8+ 1/2-1/2

[Event "Master Open"]
[Site "Voronezh"]
[Date "2017.06.16"]
[Round "5.41"]
[White "Volovich, Vasily"]
[Black "Gurvich, Vitaly"]
[Result "1-0"]
[WhiteElo "2062"]
[BlackElo "2345"]
[Annotator ""]
[Source ""]
[Remark ""]

1.e4 c6 2.Nf3 d5 3.Nc3 Bg4 4.h3 Bxf3 5.Qxf3 e6 6.d3 Nd7 7.Bd2
Bc5 8.O-O-O Ne7 9.h4 O-O 10.Qg3 Bd4 11.Ne2 Bf6 12.f4 e5 13.f5
Nc8 14.Qf3 h6 15.Qh3 Nc5 16.Nc3 b5 17.g4 b4 18.Nb1 dxe4 19.g5
exd3 20.gxf6 dxc2 21.Kxc2 b3+ 22.axb3 Nd6 23.Bb4 Qb6 24.Rxd6
Qxb4 25.Qg3 g6 26.fxg6 Ne6 27.gxf7+ Kxf7 28.Qxe5 1-0

[Event "Master Open"]
[Site "Voronezh"]
[Date "2017.06.16"]
[Round "5.42"]
[White "Sergienko, Sergey"]
[Black "Zherebtsova, Alexandra"]
[Result "1-0"]
[WhiteElo "2344"]
[BlackElo "2231"]
[Annotator ""]
[Source ""]
[Remark ""]

1.d4 d5 2.c4 c6 3.e3 Nf6 4.Nc3 e6 5.Nf3 Nbd7 6.Qc2 Bd6 7.Be2
O-O 8.O-O dxc4 9.Bxc4 a6 10.Rd1 Qc7 11.Bd2 b5 12.Be2 c5 13.dxc5
Qxc5 14.Rac1 Bb7 15.Be1 Ne5 16.Nd5 Nxf3+ 17.Bxf3 Qxc2 18.Nxf6+
gxf6 19.Rxc2 Bxf3 20.gxf3 Rfd8 21.Kg2 Be7 22.Rdc1 Kf8 23.Ba5
Rab8 24.f4 f5 25.Bc3 Rbc8 26.Bg7+ 1-0